<?xml version="1.0" encoding="UTF-8"?>
<record
    xmlns:xsi="http://www.w3.org/2001/XMLSchema-instance"
    xsi:schemaLocation="http://www.loc.gov/MARC21/slim http://www.loc.gov/standards/marcxml/schema/MARC21slim.xsd"
    xmlns="http://www.loc.gov/MARC21/slim">

  <leader>     nam a22     7a 4500</leader>
  <datafield tag="999" ind1=" " ind2=" ">
    <subfield code="c">136819</subfield>
    <subfield code="d">136819</subfield>
  </datafield>
  <controlfield tag="005">20170921091450.0</controlfield>
  <controlfield tag="008">170921b         fr||||| |||| 00| 0 fre d</controlfield>
  <datafield tag="050" ind1="0" ind2="4">
    <subfield code="a">PQ2081</subfield>
    <subfield code="b">V65 1966</subfield>
  </datafield>
  <datafield tag="100" ind1="1" ind2=" ">
    <subfield code="a">Voltaire</subfield>
    <subfield code="d">1694-1778</subfield>
  </datafield>
  <datafield tag="245" ind1="1" ind2="0">
    <subfield code="a">Romans et contes /</subfield>
    <subfield code="c">Voltaire ; chronologie, pr&#xE9;face et notes par Ren&#xE9; Pomeau</subfield>
  </datafield>
  <datafield tag="260" ind1=" " ind2=" ">
    <subfield code="a">Paris : </subfield>
    <subfield code="b">Flammarion, </subfield>
    <subfield code="c">1966</subfield>
  </datafield>
  <datafield tag="300" ind1=" " ind2=" ">
    <subfield code="a">715 p. ; </subfield>
    <subfield code="c">18 cm.</subfield>
  </datafield>
  <datafield tag="490" ind1=" " ind2="0">
    <subfield code="a">Garnier Flammarion, Texte int&#xE9;gral,</subfield>
    <subfield code="v">111</subfield>
  </datafield>
  <datafield tag="504" ind1=" " ind2=" ">
    <subfield code="a">Incluye &#xED;ndice</subfield>
  </datafield>
  <datafield tag="650" ind1=" " ind2="7">
    <subfield code="2">lemb</subfield>
    <subfield code="a">Literatura francesa</subfield>
    <subfield code="v">Libros de lectura</subfield>
  </datafield>
  <datafield tag="700" ind1="1" ind2=" ">
    <subfield code="a">Pomeau, Ren&#xE9; </subfield>
    <subfield code="e">prefacio</subfield>
  </datafield>
  <datafield tag="942" ind1=" " ind2=" ">
    <subfield code="2">lcc</subfield>
    <subfield code="c">LIB</subfield>
  </datafield>
  <datafield tag="952" ind1=" " ind2=" ">
    <subfield code="1">0</subfield>
    <subfield code="2">lcc</subfield>
    <subfield code="4">0</subfield>
    <subfield code="7">0</subfield>
    <subfield code="a">DEP-035-1</subfield>
    <subfield code="b">DEP-035-1</subfield>
    <subfield code="c">GENERAL</subfield>
    <subfield code="d">2017-09-21</subfield>
    <subfield code="e">DON</subfield>
    <subfield code="f">1a</subfield>
    <subfield code="k">EH</subfield>
    <subfield code="o">PQ2081 V65 1966</subfield>
    <subfield code="p">BDI000001866</subfield>
    <subfield code="r">2017-09-21 00:00:00</subfield>
    <subfield code="t">1</subfield>
    <subfield code="y">LIB</subfield>
  </datafield>
</record>
